| 000 | 00398nam a2200169Ia 4500 | ||
|---|---|---|---|
| 003 | Ost | ||
| 005 | 20260225132601.0 | ||
| 008 | 260225s9999||||xx |||||||||||||| ||und|| | ||
| 020 | _a99610555 | ||
| 040 | _cfsic | ||
| 041 | _afre | ||
| 082 | _a658.8 | ||
| 100 |
_ajean- pierre paul _eAuteur |
||
| 245 | 0 | _aeconomie de la communication tv radio / | |
| 245 | 0 | _cjean- pierre paul | |
| 942 | _cكتاب | ||
| 999 |
_c34756 _d34756 |
||